Statistics for Cities With One Million People by Letter - Z

Click here to take the quiz!

General Stats

  • This quiz has been taken 113 times
  • The average score is 3 of 9

Answer Stats

City % Correct
Zurich
100%
Zhengzhou
75%
Zibo
44%
Zhuzhou
16%
Zhuhai
15%
Zunyi
11%
Zhangjiakou
10%
Zhanjiang
10%
Zhenjiang
9%

Score Distribution

Percentile by Number Answered

Percent of People with Each Score

Your Score History

You have not taken this quiz